Mistrzowie Olimpijcy w Piłce Nożnej mężczyzn - Statystyki

Ogólne statystyki
  • Ten quiz został rozwiązany 46 razy
  • Średni wynik to 24 z 28
Statystyki odpowiedzi
Rok Mistrz % Poprawnych
1992 Hiszpania
100%
2024 Hiszpania
100%
2004 Argentyna
98%
2008 Argentyna
98%
2016 Brazylia
98%
2020 Brazylia
98%
1984 Francja
98%
1972 Polska
93%
1936 Włochy
89%
1956 ZSRR
89%
1988 ZSRR
89%
1900 Wielka Brytania
87%
1908 Wielka Brytania
87%
1912 Wielka Brytania
87%
1960 Jugosławia
82%
1924 Urugwaj
82%
1928 Urugwaj
82%
1980 Czechosłowacja
80%
1948 Szwecja
80%
1952 Węgry
80%
1964 Węgry
80%
1968 Węgry
80%
1920 Belgia
78%
2012 Meksyk
73%
1996 Nigeria
73%
1976 NRD
73%
1904 Kanada
69%
2000 Kamerun
67%
Nie znaleziono quizów pasujących do podanych kryteriów
Rozkład punktacji
Procent ludzi z każdym wynikiem
Percentyl według liczby udzielonych odpowiedzi
Twoja historia wyników
Nie rozwiązałeś tego quizu